Postavenie, účtovanie a zdaňovanie združenia podnikateľov bez právnej subjektivity s príkladmi
Zmluvy o združení podľa Občianskeho zákonníka. Právne predpisy upravujúce zdaňovanie a účtovné postupy pre podnikanie v združení. Vznik, existencia, činnosť združenia. Vystúpenie alebo vylúčenie účastníka zo združenia. Ukončenie činnosti združenia
Saved in:
| Main Author: | |
|---|---|
| Other Authors: | |
| Format: | Book Chapter |
| Language: | Slovak |
| Subjects: | |
| Tags: |
No Tags, Be the first to tag this record!
|
MARC
| LEADER | 00000naa$a2200000$$$4500 | ||
|---|---|---|---|
| 001 | 0001953 | ||
| 005 | 20230927072219.3 | ||
| 041 | 0 | |a slo | |
| 044 | |a SK | ||
| 245 | 1 | 0 | |a Postavenie, účtovanie a zdaňovanie združenia podnikateľov bez právnej subjektivity s príkladmi |c aut. Valéria Jarinkovičová, Jana Turóciová |
| 520 | |a Zmluvy o združení podľa Občianskeho zákonníka. Právne predpisy upravujúce zdaňovanie a účtovné postupy pre podnikanie v združení. Vznik, existencia, činnosť združenia. Vystúpenie alebo vylúčenie účastníka zo združenia. Ukončenie činnosti združenia | ||
| 610 | 2 | 0 | |a podnikatelia |
| 610 | 2 | 0 | |a združenia |
| 610 | 2 | 0 | |a subjektivita právna |
| 610 | 2 | 0 | |a zdaňovanie |
| 610 | 2 | 0 | |a účtovanie |
| 610 | 2 | 0 | |a postupy účtovné |
| 610 | 2 | 0 | |a podnikanie |
| 100 | 1 | |a Jarinkovičová, Valéria | |
| 700 | 1 | |a Turóciová, Jana | |